| 000 | 00915nam a2200313Ia 4500 | ||
|---|---|---|---|
| 001 | dia_4850 | ||
| 003 | CHAP | ||
| 005 | 20230720132551.0 | ||
| 008 | 220117s2010 xx 000 0 und d | ||
| 010 | _a175653 | ||
| 020 | _a978-84-95199-83-6 | ||
| 040 | _cCHAP | ||
| 082 | _aC 664 M38 2010 | ||
| 100 |
_aMataix Verdú, José _9156875 |
||
| 245 |
_aTratado de nutrición y alimentación / _c José Mataix Verdú |
||
| 250 | _aampl. | ||
| 260 |
_aEspaña : _b Océano :, _b Ergón, _c2010 |
||
| 300 | _a2 v. | ||
| 503 | _aI. 244836 | ||
| 504 | _aIncluye bibliografía | ||
| 505 | _aV Nutrientes y alimentos \ V 2. Situaciones fisiológicas y patológicas | ||
| 590 | _aRA784 M38 2010 | ||
| 650 |
_aNutrición _982246 |
||
| 650 |
_aNutrition _9147888 |
||
| 901 | _aC 664 M38 2010 | ||
| 902 | _aM | ||
| 905 | _a5232272010 sp amni8222223322spa16 | ||
| 942 |
_cLIBRO _2ddc |
||
| 999 |
_c175653 _d175653 |
||